BIBLIOTECA PODER JUDICIAL
Portal Judicial TDF

El impacto de la violencia familiar en la designación del administrador judicial en la sucesión ab intestato / (Registro nro. 6211)

000 -LEADER
fixed length control field 01216nab a22002657a 4500
003 - CONTROL NUMBER IDENTIFIER
control field OSt
005 - DATE AND TIME OF LATEST TRANSACTION
control field 20260125234711.0
008 - FIXED-LENGTH DATA ELEMENTS--GENERAL INFORMATION
fixed length control field 190514b xxu||||| |||| 00| 0 spa d
040 ## - CATALOGING SOURCE
Transcribing agency PJ
100 ## - MAIN ENTRY--PERSONAL NAME
9 (RLIN) 6938
Personal name García, Elsa Paola
245 13 - TITLE STATEMENT
Title El impacto de la violencia familiar en la designación del administrador judicial en la sucesión ab intestato /
Remainder of title Elsa Paola García, Julia Pedrido Mariani.
300 ## - PHYSICAL DESCRIPTION
Extent p. 33-38
500 ## - GENERAL NOTE
General note Cita: TR LALEY AR/DOC/1511/2024.
505 ## - FORMATTED CONTENTS NOTE
Formatted contents note Sumario: I. Introducción. Conceptos claves relativos al fallo en cuestión.— II. Conclusión.
505 ## - FORMATTED CONTENTS NOTE
Title Fallo comentado: CCiv. y Com., Azul, sala II ~ 19/12/2023 ~ G., C. G. y G. F., A. M. s/ sucesiones ab intestato (inforec 970).
650 #0 - SUBJECT ADDED ENTRY--TOPICAL TERM
9 (RLIN) 967
Topical term or geographic name as entry element DERECHO DE FAMILIA
650 #0 - SUBJECT ADDED ENTRY--TOPICAL TERM
9 (RLIN) 888
Topical term or geographic name as entry element SUCESIONES
650 #0 - SUBJECT ADDED ENTRY--TOPICAL TERM
9 (RLIN) 1134
Topical term or geographic name as entry element VIOLENCIA FAMILIAR
650 #0 - SUBJECT ADDED ENTRY--TOPICAL TERM
9 (RLIN) 4044
Topical term or geographic name as entry element PERSPECTIVA DE GÉNERO
650 #0 - SUBJECT ADDED ENTRY--TOPICAL TERM
9 (RLIN) 4618
Topical term or geographic name as entry element ADMINISTRACIÓN DE LA HERENCIA
650 #0 - SUBJECT ADDED ENTRY--TOPICAL TERM
9 (RLIN) 1057
Topical term or geographic name as entry element JURISPRUDENCIA APLICABLE
700 ## - ADDED ENTRY--PERSONAL NAME
9 (RLIN) 6939
Personal name Pedrido Mariani, Julia
773 0# - HOST ITEM ENTRY
Host Biblionumber 2844
Host Itemnumber 3222
Place, publisher, and date of publication Buenos Aires : AbeledoPerrot, 1989-
Title Derecho de familia. Revista Interdisciplinaria de doctrina y jurisprudencia. Agosto 2024-IV.
International Standard Book Number 18511201
942 ## - ADDED ENTRY ELEMENTS (KOHA)
Source of classification or shelving scheme
Koha item type Analítica Artículo de Revista

No hay ítems disponibles.

12 de Octubre 789 Ushuaia - Tel:  54(02901)441571
Horario de Atención: 8.00 a 17.00 hs. 
bibliotecaush@justierradelfuego.gov.ar
koha@justierradelfuego.gov.ar
Seguinos en nuestras redes @bibliojustdf 

Con tecnología Koha